Napoleon and Waterloo; (Record no. 553356)
[ view plain ]
| 000 -LEADER | |
|---|---|
| fixed length control field | 00606cam a22001451 4500 |
| 082 ## - DEWEY DECIMAL CLASSIFICATION NUMBER | |
| Classification number | 940.27 |
| Author Mark | BEC |
| 100 1# - MAIN ENTRY--PERSONAL NAME | |
| Personal name | Becke, Archibald F. |
| 9 (RLIN) | 49353 |
| 245 10 - TITLE STATEMENT | |
| Title | Napoleon and Waterloo; |
| Remainder of title | the Emperor's campaign with the Armée du Nord, 1815; a strategical and tactical study, |
| Statement of responsibility, etc. | by Captain A. F. Becke. With 11 maps. |
| 260 ## - PUBLICATION, DISTRIBUTION, ETC. | |
| Place of publication, distribution, etc. | London, |
| Name of publisher, distributor, etc. | K. Paul, Trench, Trübner & Co. ltd., |
| Date of publication, distribution, etc. | 1914. |
| 300 ## - PHYSICAL DESCRIPTION | |
| Extent | 2 v. |
| Other physical details | fronts. (ports.) fold. maps, fold. plans. |
| Dimensions | 23 cm. |
| 526 ## - STUDY PROGRAM INFORMATION NOTE | |
| Program name | 0 |
| Interest level | 0 |
| Reading level | 0 |
| Title point value | 940_270000000000000_BEC |
| 650 #0 - SUBJECT ADDED ENTRY--TOPICAL TERM | |
| Topical term or geographic name entry element | MCE |
| 9 (RLIN) | 379 |
| 650 #0 - SUBJECT ADDED ENTRY--TOPICAL TERM | |
| Topical term or geographic name entry element | Waterloo, Battle of, Waterloo, Belgium, 1815. |
| 9 (RLIN) | 49627 |
| 942 ## - ADDED ENTRY ELEMENTS (KOHA) | |
| Source of classification or shelving scheme | |
| Koha item type | Book |
| Withdrawn status | Lost status | Source of classification or shelving scheme | Damaged status | Not for loan | Permanent Location | Current Location | Shelving location | Date acquired | Total Checkouts | Full call number | Barcode | Date last seen | Price effective from | Koha item type |
|---|---|---|---|---|---|---|---|---|---|---|---|---|---|---|
| Military College of Engineering (MCE) | Military College of Engineering (MCE) | 02/09/2015 | 940.27 BEC | MCE-ECN/33 | 02/09/2015 | 02/09/2015 | Book |
